Understanding mass communication (Record no. 5001)
[ view plain ]
| 000 -LEADER | |
|---|---|
| fixed length control field | 00452 a2200157 4500 |
| 040 ## - CATALOGING SOURCE | |
| Original cataloging agency | DLC |
| Language of cataloging | DLC |
| 082 ## - DEWEY DECIMAL CLASSIFICATION NUMBER | |
| Classification number | 001.510973 |
| 100 ## - MAIN ENTRY--PERSONAL NAME | |
| Personal name | DeFleur, Melvin L. |
| 245 ## - TITLE STATEMENT | |
| Title | Understanding mass communication |
| Statement of responsibility, etc. | Melvin L.DeFleur, |
| 250 ## - EDITION STATEMENT | |
| Edition statement | 4th ed. |
| 260 ## - PUBLICATION, DISTRIBUTION, ETC. | |
| Place of publication, distribution, etc. | Islamabad : |
| Name of publisher, distributor, etc. | National Book Foundation. |
| Date of publication, distribution, etc. | 1991. |
| 300 ## - PHYSICAL DESCRIPTION | |
| Extent | xiv, 637 p. : |
| Other physical details | ill. ; |
| Dimensions | 26 cm. |
| 500 ## - GENERAL NOTE | |
| General note | Includes Index |
| 650 ## - SUBJECT ADDED ENTRY--TOPICAL TERM | |
| Topical term or geographic name entry element | Mass media--United States. |
| 942 ## - ADDED ENTRY ELEMENTS (KOHA) | |
| Koha item type | Book |
| Call number prefix | 001.510973 DEF |
| Source of classification or shelving scheme | |
| Withdrawn status | Lost status | Damaged status | Not for loan | Collection code | Permanent Location | Current Location | Shelving location | Date acquired | Source of acquisition | Cost, normal purchase price | Total Checkouts | Full call number | Barcode | Date last seen | Price effective from | Koha item type | Source of classification or shelving scheme |
|---|---|---|---|---|---|---|---|---|---|---|---|---|---|---|---|---|---|
| Computer Science | Central Library (CL) | Central Library (CL) | First Floor - Computer Science | 12/13/2006 | Donation | 0.00 | 001.510973 DEF | SEECS007864 | 11/14/2012 | 01/05/2017 | Book | ||||||
| Computer Science | Central Library (CL) | Central Library (CL) | First Floor - Computer Science | 12/13/2006 | Donation | 0.00 | 302.22 DEF | SEECS007863 | 11/14/2012 | 01/05/2017 | Book |
